000 00880nam a22002297a 4500
999 _c6621
_d6621
003 AR-CdUCM
008 190318b ||||| |||| 00| 0 spa d
020 _a84-205-0432
040 _aMUNICIPALIDAD PROVINCIAL DEL CUSCO
_cBIBLIOTECA MUNICIPAL DEL CUSCO
082 _23ed.
_a541 /
_bAB12
100 _aAbbott, David
_918624
245 _aIntroducción a la Cromatografía /
260 _aEspaña :
_bAlhambra ;
_c1973.
300 _a121 páginas ;
_bFotografías, ilustraciones
_c20cm
440 _aColección Exedra
_n6
_918625
505 _aContenido: Teoría y materiales empleados en Cromatografía -- Cromatografía de papel -- Cromatografía en capa fina -- Cromatografía en columna -- Cromatografía de gases...
650 _aQuímica
_94512
700 _aAndrews, R. S.
_918626
700 _aFernández Braña, Miguel
_918627
942 _2ddc
_cLIBROS
945 _anom